عرض عادي
عرض مارك
- آل شبيب، دريد كامل
دخول Personal Name
001 - CONTROL NUMBER
- control field: 18324
003 - CONTROL NUMBER IDENTIFIER
- control field: AE-AdECS
005 - DATE AND TIME OF LATEST TRANSACTION
- control field: 20250710103829.0
008 - FIXED-LENGTH DATA ELEMENTS
- fixed length control field: 250710|| aca||aabn | a|a d
040 ## - CATALOGING SOURCE
- Original cataloging agency: AE-AdECS
- Transcribing agency: AE-AdECS
100 ## - HEADING--PERSONAL NAME
- Personal name: آل شبيب، دريد كامل
670 ## - SOURCE DATA FOUND
- Source citation: Work cat.: (AE-AdECS)291374: آل شبيب، دريد كامل مؤلف., مقدمة في الإدارة المالية المعاصرة /
